banner-ar

محمود رضا و الرقص الشعبى فى مصر / (Record no. 61168)

MARC details
000 -الفاتح
حقل البيانات ثابتة الطول 01103nam a22002777a 4500
005 - وقت وتاريخ اخر تعامل مع التسجيلة
رقم الضبط 20240530110447.0
008 - عناصر البيانات ثابتة الطول - معلومات عامة
حقل البيانات ثابتة الطول 150428s2012 ua ao f b 000 0 ara d
017 ## - رقم الايداع القانونى
رقم الايداع القانونى 2010/11354
المصدر ( الهيئة المختصة) مصر . دار الكتب المصرية
020 ## - الرقم الدولى المعيارى للكتب
الرقم الدولى المعيارى للكتاب 9789774214066
040 ## - مصدر الفهرسة
وكالة الفهرسة الأصلية EG-CaGPL
082 04 - رقم تصنيف ديوى العشرى
رقم الطبعة 21
رقم التصنيف 793.3192\
رقم المادة س م
100 0# - المدخل الرئيسى - إسم شخصى
الإسم الشخصى سمر سعيد
245 10 - بيان العنوان
العنوان محمود رضا و الرقص الشعبى فى مصر /
بيان المسئوليه,etc تاليف سمر سعيد ؛ تقديم عصمت يحيى .
260 ## - PUBLICATION, DISTRIBUTION, ETC. (IMPRINT)
تاريخ النشر أو التوزيع 2010.
300 ## - الوصف المادى
التعداد 203 ص :
تفاصيل ماديه اخرى للوعاء صور ؛
أبعاد الوعاء 24 سم.
600 0# - المدخل الاضافى بالموضوع-اسم شخصى
الإسم الشخصى محمود رضا.
600 0# - المدخل الاضافى بالموضوع-اسم شخصى
الإسم الشخصى محمود رضا
التقسيم الفرعي الشكلي تراجم.
600 0# - المدخل الاضافى بالموضوع-اسم شخصى
الإسم الشخصى محمود رضا
التقسيم الفرعي الشكلي رقصات
650 04 - المدخل الاضافى بالموضوع-مصطلح موضوعى
مصطلح موضوعي الرقص الشعبى المصرى.
650 04 - المدخل الاضافى بالموضوع-مصطلح موضوعى
مصطلح موضوعي الرقص
التقسيم الفرعي العام تاريخ
التقسيم الفرعي الزمني العصر الفرعونى.
650 04 - المدخل الاضافى بالموضوع-مصطلح موضوعى
مصطلح موضوعي الرقص
التقسيم الفرعي العام تاريخ
التقسيم الفرعي الزمني العصر الاسلامى.
650 04 - المدخل الاضافى بالموضوع-مصطلح موضوعى
مصطلح موضوعي الرقص
التقسيم الفرعي العام تاريخ
التقسيم الفرعي الجغرافي مصر
700 0# - المدخل الاضافى - اسم شخصى
الإسم الشخصى عصمت يحيى
الدور مقدم
942 ## - عناصر المدخل الإضافي( كوها)
مصدر التصنيف او مخطط الترفيف Dewey Decimal Classification
Koha [default] item type كتاب
260 ## - PUBLICATION, DISTRIBUTION, ETC. (IMPRINT)
-- القاهرة :
-- الهيئة المصرية العامة للكتاب ،
Holdings
حالة التراجع حالة الفقد حالة تلف ليس للاعارة المكان المؤقت الموقع الحالى تاريخ الاكتساب اجمالي اﻻعارات رقم الطلب الباركود تاريخ اخر مشاهدة تاريخ تفعيل السعر نوع وعاء كوها
        مكتبة القاهرة الكبرى مكتبة القاهرة الكبرى 04/28/2015   793.3192\ س م 160392 04/28/2015 04/28/2015 كتاب

Powered By

EGPV